00941cam a22002771 4500001001300000003000400013005001700017008004100034010001700075035001800092040001900110041001600129042001200145050002400157100003600181245011300217260006700330300004900397410004800446500002900494504002500523650001900548650003100567650004800598999001700646gs 65000456 DLC20260227111418.0720225s1964 xx 000 0 eng  ags 65000456  a(OCoLC)249688 aDLCcOAkUdDLC0 aengbengfre apremarc00aQE185b.A43 no. 1051 aChristie, Robert Loring,d1926-10aDiabase-gabbro sills and related rocks of Banks and Victoria Islands, Arctic Archipelago,cby R.L. Christie. a[Ottawa]bDept. of Mines and Technical Surveys, Canadac[1964] a13 p.billus., 2 fold. col. maps (in pocket)20aGeological Survey of Canada.tBulletinv105 aAbstract also in French. aBibliography: p. 13. 0aIgneous rocks. 0aPetrologyzArctic regions. 0aPetrologyzNorthwest TerritorieszFranklin. c30141d30141